| 000 | 01100naa a22003017a 4500 | ||
|---|---|---|---|
| 001 | BR8303092 | ||
| 003 | BR-BrBNA | ||
| 005 | 20240918175308.0 | ||
| 007 | ta | ||
| 008 | 230509b bl.||||| |||| 00| 0 por d | ||
| 040 |
_aBR-BrBNA _bpor _cBiblioteca Nacional de Agricultura |
||
| 041 | _a(Pt) | ||
| 072 | _aK00; F10 | ||
| 090 | _aK00 BR8303092 | ||
| 100 | 1 | _aSalati, E. | |
| 245 | 1 | _aO clima atual depende da floresta [Bacia Amazonica] | |
| 260 | 3 |
_aSao Paulo, SP (Brasil): _bBrasiliense, _c1983. |
|
| 500 | _aSalati, E. Junk, W.J.; Shubart, H.O.R.; Oliveira, A.E. Amazonia: desenvolvimento, integracao e ecologia Sao Paulo, SP (Brasil): Brasiliense, 1983. p. 15-44 (BR8303092-AM)K00 | ||
| 650 | _aATMOSFERA | ||
| 650 | _aCLIMA | ||
| 650 | _aFOTOSSINTESE | ||
| 650 | _aDESMATAMENTO | ||
| 650 | _aFLORESTA | ||
| 650 | _aEQUILIBRIO ECOLOGICO | ||
| 773 | 0 |
_tAmazonia: desenvolvimento, integracao e ecologia _aSalati, E. Junk, W.J.; Shubart, H.O.R.; Oliveira, A.E. _wK00 BR8303092 _gSao Paulo, SP (Brasil), 1983. p. 15-44 |
|
| 909 |
_a202404 _bLucia _c55 _dLucia Elande |
||
| 942 |
_cAM _2AGRIS |
||
| 999 |
_c316032 _d316032 |
||